00614nam a2200157 i 4500001000700000003000900007005001700016008004100033110003100074245011500105260004500220300002100265610004500286610004500331852008000376185169ES-MaACL20230906222348.0160331s1887 sp |||| | spa d2 aOrden de San Hermenegildo.10aEscalafón general y reglamento de la Real y Militar Orden de San Hermenegildob: (en 15 de octubre de 1887). aMadrid : b[s.n.], c1887 (fR. Velasco) a79 p. ; c24 cm.24aOrden de San Hermenegildo-vReglamentos.24aOrden de San Hermenegildo-vEscalafones. aES-MaACLjT-451-F-5 z.- Enc. en un vol. facticio falto de la cub. original